| 000 | 00305 a2200121 4500 | ||
|---|---|---|---|
| 999 |
_c321905 _d321905 |
||
| 001 | 86832 | ||
| 003 | NUST | ||
| 005 | 20180124094759.0 | ||
| 008 | 180124b xxu||||| |||| 00| 0 eng d | ||
| 082 | _a070.4142 AYS | ||
| 100 |
_aAyesha Masood _99641 |
||
| 245 |
_aWadairoon Say Wardhi Tak _hUrdu |
||
| 260 |
_aLahore _bRomail House Of Publications _c2009 |
||
| 300 | _a320p. | ||
| 942 |
_aCAE NUST _cBK _k070.4142 AYS _2ddc |
||